000
00320nam a22001337a 4500
008
171220b xxu||||| |||| 00| 0 eng d
020
_a
514218001
041
_a
eng
080
_a
611.085
100
_a
9
101
_a
HIS
245
_a
HISTOLOGICAL TYPING OF INTESTINAL TUMOURS
_c
MORSON,B.C
942
_2
udc
_c
BK
999
_c
39210
_d
39210